| 000 | 00621nam a2200205 a 4500 | ||
|---|---|---|---|
| 001 | 3868 | ||
| 005 | 20140414131919.0 | ||
| 008 | 040603s19uu xx 00 eng d | ||
| 020 | _a1-878624-41-5 | ||
| 050 |
_aER _bM46 1992 |
||
| 100 | _aDiffender, Terri | ||
| 245 |
_aMe and my puppy / _cby Terri Diffender ; pictures by Paul Frame. |
||
| 260 |
_aNew York : _bMcClanahan Book, _c1992. |
||
| 300 | _a1 v. (unp.) : ill. ; cm. | ||
| 440 | _aStorytime Books | ||
| 520 | _aEvery time Mommy and I went into town we passed the pet shop. | ||
| 650 |
_aPuppies _xFiction. |
||
| 650 | _aChildren stories. | ||
| 999 |
_c111635 _d111635 |
||